| 000 | 00957 a2200277 4500 | ||
|---|---|---|---|
| 001 | 200421766 | ||
| 003 | TR-AnTOB | ||
| 005 | 20240521104822.0 | ||
| 008 | 150407b tu 000 0 | ||
| 020 | _a9786055988814 | ||
| 040 |
_aTR-AnTOB _beng _erda _cTR-AnTOB |
||
| 041 | 0 | _atur | |
| 050 | 0 | 0 |
_aD568.3 _bN49 |
| 090 | _aD568.3 N49 | ||
| 245 | 1 | 0 |
_aNevşehirli Çanakkale Şehitleri / _cNevşehir Hacı Bektaş Veli Üniversitesi. |
| 264 | 1 |
_aNevşehir : _bNevşehir Hacı Bektaş Veli Üniversitesi, _c[date of publication not identified] |
|
| 300 |
_a264 page _c30 cm. |
||
| 336 |
_atext _2rdacontent |
||
| 337 |
_aunmediated _2rdamedia |
||
| 338 |
_avolume _2rdacarrier |
||
| 650 |
_aDünya Savaşı, 1914-1918 _xSeferler _zTürkiye _zGelibolu Yarımadası _968825 |
||
| 650 |
_aWorld War, 1914-1918 _xCampaigns _zTurkey _zGallipoli Peninsula _97181 |
||
| 710 |
_9115104 _aNevşehir Hacı Bektaş Veli Üniversitesi |
||
| 942 |
_cBK _2lcc |
||
| 999 |
_c200421766 _d38889 |
||